000
00332nam a2200133Ia 4500
008
220204s9999 xx 000 0 und d
082
_a
803
_b
FIE
100
_a
Fiedler, H G
245
0
_a
First German course for science students
250
_a
Ed.3
260
_a
London
_b
Oxford Univ
_c
1944
700
_a
Sandbach, B E
942
_c
BK
999
_c
20272
_d
20272